000 01417nam a2200217Ia 4500
003 Ost
005 20260416102400.0
008 260416s9999||||xx |||||||||||||| ||und||
040 _cfsecg
041 _aara
082 _a658.8
100 _aحفصي، هدى
_eمؤلف
245 0 _aندوة محاضرات في التسويق :
_bمطبوعة موجهة لطلبة السنة الثالثة علوم تجارية، تخصص: تسويق:مطبوعة /
_c هدى حفصي
260 _aالجزائر
_bجامعة الجزائر3: كلية العلوم الإقتصادية، العلوم التجارية وعلوم التسيير
_c2023
300 _a121 ورقة
_bايضاحات
_c12 سم
504 _aالمراجع ص.117
520 _aالتسويق الاخضر،التسويق الاجتماعي،التسويق الأخلاقي،المسؤولية الاجتماعية للتسويق،التسويق المستدام،التسويق الابتكاري،التسويق الالكتروني،التسويق عبر الهاتف النقال،ادارة علاقات الزبائن الالكترونية،الاتصالات التسويقية المتكاملة،التسويق الشبكي.
653 _aالتسويق
710 _aجامعة الجزائر3: كلية العلوم الإقتصادية، العلوم التجارية وعلوم التسيير
_eناشر علمي
942 _cHANDOUT
999 _c41394
_d41394